LEADER 01031nam0-22003131i-450- 001 990000434100403321 005 20091204170316.0 035 $a000043410 035 $aFED01000043410 035 $a(Aleph)000043410FED01 035 $a000043410 100 $a20020821d1976----km-y0itay50------ba 101 0 $aeng 102 $aIT 105 $ay-------001yy 200 1 $aAnalysis of large underground openings in rock with finite element linear and non-linear mathemathical models$fA. Di Monaco, M. Fanelli, R. Riccioni 210 $aBergamo$cISMER$d1976 215 $a14 p.$cill.$d29 cm 225 1 $aISMES$v82 700 1$aDi Monaco,$bAntonio$0335182 701 1$aFanelli,$bMichele$013966 701 1$aRiccioni,$bRoberto$014071 801 0$aIT$bUNINA$gRICA$2UNIMARC 901 $aBK 912 $a990000434100403321 952 $a08 CC 365$b3492$fDINED 959 $aDINED 996 $aAnalysis of large underground openings in rock with finite element linear and non-linear mathemathical models$9327447 997 $aUNINA LEADER 00883nam0 22002531i 450 001 UON00205525 005 20231205103311.985 100 $a20030730d1971 |0itac50 ba 101 $afre 102 $aBE 105 $a|||| 1|||| 200 1 $aˆLes ‰poèmes$fd'Armand Bernier 210 $aBruxelles$cAndré De Rache$dc1971 215 $a401 p.$cill$d26 cm. 620 $aBE$dBruxelles$3UONL000128 676 $aB841$cLetteratura belga. Poesia$v21 700 1$aBERNIER$bArmand$3UONV123206$0204134 712 $aDe Rache$3UONV266141$4650 801 $aIT$bSOL$c20240220$gRICA 899 $aSIBA - SISTEMA BIBLIOTECARIO DI ATENEO$2UONSI 912 $aUON00205525 950 $aSIBA - SISTEMA BIBLIOTECARIO DI ATENEO$dSI Francese XI B BER $eSI FG 2344 5 996 $aPoèmes$9534847 997 $aUNIOR